000 01953cam a2200409 c 4500
001 193616
003 SpMaBN
005 20250730221501.0
008 930725s1847 sp a | |||| 000 0 spa
016 7 _abimoBNE19994531643
_zIND9300614635
_2SpMaBN
035 _a(OCoLC)432657878
040 _aSpMaBN
_bspa
_cA2
_dSpMaBN
080 _a94(460)
_2summary
080 _a929 Pedro (460.18) I
080 _a94(460.18)"1350/69"
100 1 _aMontoto, José María
_d1818-1886
_0XX1134233
_9234958
245 1 0 _aHistoria del reinado de D. Pedro Primero de Castilla, llamado El Cruel
_cpor J.M.M.
250 _a2ª ed.
260 _a[S.l.]
_b[s.n.]
_c1847
_eSevilla
_fImp. de Carlos Santigosa
300 _aXIII, 360 p.
_bil.
_c21 cm
336 _aTexto (visual)
_2isbdcontent
337 _asin mediación
_2isbdmedia
510 _aCCPB,
_c000129789-9
600 0 4 _aPedro
_bI,
_cRey de Castilla
_0http://datos.bne.es/resource/XX920673
_989923
651 7 _aCastilla (Reino)
_xHistoria
_y1350-1369 (Pedro I)
_2embne
_9173034
852 _aEs-MaACL
_bR.154985
_cDEPO2
_jG-16025
_hDonación: Juan A. Porto
_9204528
_xEncuadernación holandesa
856 4 1 _uhttp://bdh-rd.bne.es/viewer.vm?id=0000140959&page=1
_yBiblioteca Digital Hispánica
903 _993285
_aPorto, Juan Antonio,
_d1937-2021
_ednr
942 _2udc
_cMONANT
_n0
956 _a1 2
980 _cDonado por
_aMaría Forero
_ddiciembre 2013
_aCartoné
_aSpMaBN
_bBNALCALA
_jDL/2199034(2)
_cCONSERVACI
980 _aRecuperado 20230714
_aEncuadernación holandesa
_aSpMaBN
_bBNMADRID
_j2/18346
_cSALA_CERV
980 _cLegado de
_aManuela Cortina y Rodríguez, Marquesa de Cortina
_dabril de 1908
_aManuel Cortina y Arenzana (1802-1879)
_aEncuadernación en tafilete verde con cortes, cantos, contracantos, filetes y adornos dorados
_aSpMaBN
_bBNMADRID
_j1/35845
_cSG_RECOLET
999 _c193616
_d193616